Historia social de la agricultura chilena

Uloženo v:
Podrobná bibliografie
Hlavní autor: Bengoa Cabello, José (Autor)
Médium: Kniha
Jazyk:španělština
Vydáno: Santiago, Chile Sur 1988
Edice:Colección Estudios Históricos
Témata:
Tagy: Přidat tag
Žádné tagy, Buďte první, kdo vytvoří štítek k tomuto záznamu!

MARC

LEADER 00000nam a2200000 a 4500
001 UCX1328
003 CL-VaPUC
005 20240820110600.0
008 900802e19880000CL |||||||||||||||||spa|d
999 |c 222589  |d 222587 
040 |c Pontificia Universidad Católica de Valparaíso 
082 0 4 |a 306.349 BEN 1988  |2 21 
100 |a Bengoa Cabello, José  |e author  |9 603139 
245 1 0 |a Historia social de la agricultura chilena 
260 |a Santiago, Chile  |b Sur  |c 1988 
300 |a 3 volúmenes 
490 0 |a Colección Estudios Históricos 
500 |a v.1: El poder y la subordinación: a cerca del orígen rural del poder y la subordinación en Chile 
500 |a v.2: Haciendas y campesinos 
500 |a v.3: La protesta 
583 |a last modification  |c 20190705 09:21:45  |k Rodrigo Vera 
650 0 |a Agricultura  |z CHILE  |9 255598 
650 0 |a Aspectos sociales  |z CHILE  |9 254894 
852 |a BIBCUR 
942 |c BK  |2 ddc 
945 |d 19900802 00:00:00  |a oaravena 
952 |0 0  |1 0  |2 ddc  |4 0  |6 306_349000000000000_BEN_1988  |7 0  |8 A  |9 217552  |a BIBHIS  |b BIBHIS  |d 2019-11-15  |h v.1  |i 2864797  |o 306.349 BEN 1988  |p 2864797  |r 2025-01-20  |t 1  |w 2019-11-15  |y BK  |k HIS 
952 |0 0  |1 0  |2 ddc  |4 0  |6 306_349000000000000_BEN_1988  |7 0  |8 A  |9 217553  |a BIBHIS  |b BIBHIS  |d 2019-11-15  |h v.2  |i 304078K  |o 306.349 BEN 1988  |p 304078K  |r 2025-01-20  |t 1  |w 2019-11-15  |y BK  |k HIS 
952 |0 0  |1 0  |2 ddc  |4 0  |6 306_349000000000000_BEN_1988  |7 0  |8 A  |9 217554  |a BIBHIS  |b BIBHIS  |d 2019-11-15  |h v.1  |i 3256448  |l 1  |o 306.349 BEN 1988  |p 3256448  |r 2025-01-20  |s 2023-11-24  |t 2  |w 2019-11-15  |y BK  |k HIS 
952 |0 0  |1 0  |2 ddc  |4 0  |6 306_349000000000000_BEN_1988  |7 0  |8 A  |9 217555  |a BIBHIS  |b BIBHIS  |d 2019-11-15  |h v.1  |i 3486729  |l 2  |o 306.349 BEN 1988  |p 3486729  |r 2025-01-20  |s 2023-12-12  |t 3  |w 2019-11-15  |y BK  |k HIS 
952 |0 0  |1 0  |2 ddc  |4 0  |6 306_349000000000000_BEN_1988  |7 0  |8 A  |9 217556  |a BIBHIS  |b BIBHIS  |d 2019-11-15  |h v.2  |i 3012085  |o 306.349 BEN 1988  |p 3012085  |r 2025-01-20  |t 2  |w 2019-11-15  |y BK  |k HIS 
952 |0 0  |1 0  |2 ddc  |4 0  |6 306_349000000000000_BEN_1988  |7 0  |8 A  |9 217557  |a BIBHIS  |b BIBHIS  |d 2019-11-15  |h v.1  |i 4159233  |o 306.349 BEN 1988  |p 4159233  |r 2025-01-20  |t 4  |w 2019-11-15  |y BK  |k HIS